000 00682cam a22002175a 4500
001 107676
008 071126s1896 xxk c f 000 0beng d
041 0 _aeng
050 0 4 _a920
100 1 _aJ. C. R.
245 0 0 _aMemoir of John Clutton
_bfirst president of The Surveyors' Institution
260 _aS.l.
_bs.n.
_c1896
300 _a20 p.
_bill.
_c29 cm.
520 _aA biography of John Clutton, reprinted from the Transactions of the Surveyors' Institution.
520 _aA scan of this is available by emailing [email protected]
600 1 4 _aClutton, John
650 _aBIOGRAPHY
651 4 _aUnited Kingdom
690 _aABOUT RICS-RICS MEMBERS
942 _n0
_2ddc
999 _c107676
_d107676